| 000 | 01006nmm a2200289 a 4500 | ||
|---|---|---|---|
| 001 | ocm000703563 | ||
| 003 | TR-IsHL | ||
| 005 | 20201028153647.0 | ||
| 008 | 140402s1978 tu tur | ||
| 007 | cr cn | ||
| 035 |
_a703563 _b(N$T) |
||
| 050 | 0 | 4 |
_aZ5055.T9 _bI43 1978 |
| 090 | 0 | 4 |
_aZ5055.T9 _bI43 1978 |
| 100 | 1 | _aKoca, Ahmet | |
| 245 | 1 | 0 |
_aİlahiyat Fakültesi Yayınları bibliyografyası (1949-1975) _h[electronic resource] / _cAhmet Koca ; haz. Ahmet Koca, Reşat Çelik, Latif Köksal |
| 260 |
_aAnkara : _bAnkara Üniversitesi İlahiyat Fakültesi, _c1978 |
||
| 300 | _a162 p. | ||
| 650 | 4 | _aFelsefe, Psikoloji ve Din | |
| 650 | 4 | _aPhilosophy, Psychology and Religion | |
| 650 | 0 | _aBibliyografya | |
| 650 | 0 | _aBibliography | |
| 650 | 7 |
_aREFERENCE / Bibliographies & Indexes _2bisacsh |
|
| 700 | 1 | _aKoca, Ahmet | |
| 700 | 1 | _aÇelik, Reşat | |
| 700 | 1 | _aKöksal, Latif | |
| 856 | 4 | 0 | _uhttp://search.ebscohost.com/login.aspx?direct=true&scope=site&db=e011xww&AN=703563 |
| 999 |
_c12166 _d12166 |
||